| 000 | 01098nam a22002657a 4500 | ||
|---|---|---|---|
| 003 | OSt | ||
| 005 | 20240904095102.0 | ||
| 007 | cr ||||||a|c|a | ||
| 008 | 230214s2021 mx ||||fom||| 001 0 spa d | ||
| 040 | _erda | ||
| 100 | 1 |
_9135070 _aGuerrero Valencia, Franco Armando |
|
| 245 | 1 |
_aAvances biotecnológicos en Capsicum L. / _cpor Franco Armando Guerrero Valencia; director de tesis José Luis Rodríguez de la O |
|
| 264 | 1 |
_aChapingo, México : _bEl autor, _c2021. |
|
| 300 | _a1 recurso en línea (74 páginas). | ||
| 336 |
_2rdacontent _atexto _btxt |
||
| 337 |
_2rdamedia _acomputadora _bc |
||
| 338 |
_2rdacarrier _arecurso en línea _bcr |
||
| 502 |
_bMCBA _cFitotecnia _d2021. _gMAE |
||
| 504 | _aIncluye referencias bibliográficas: páginas 56-74 | ||
| 650 | 4 |
_918736 _aCapsicum annum _xVariedades |
|
| 650 | 2 |
_922376 _aChile (Botánica) _xMejoramiento |
|
| 700 | 1 |
_aRodríguez de la O, José Luis _eDirector de tesis _998433 |
|
| 856 |
_uhttp://10.13.5.2/tesis/tm/2021_FI_Guerrero_Valencia_FrancoArmando.pdf _zDESCARGAR PDF |
||
| 942 |
_2Clasificación Universidad Autónoma Chapingo _cTD |
||
| 999 |
_c218327 _d218327 |
||